Catálogo
 En Linea

El monte / (Registro nro. 8923)

Detalles MARC
000 -CABECERA
campo de control de longitud fija 01298nam a2200277 u 4500
001 - NÚMERO DE CONTROL
campo de control 000009159
003 - IDENTIFICADOR DEL NÚMERO DE CONTROL
campo de control DO-SdBNP
005 - FECHA Y HORA DE LA ÚLTIMA TRANSACCIÓN
campo de control 20250409153051.0
008 - DATOS DE LONGITUD FIJA--INFORMACIÓN GENERAL
campo de control de longitud fija 090928s2006 dr ac 000 0 spa d
020 ## - NÚMERO INTERNACIONAL ESTÁNDAR DEL LIBRO
Número Internacional Estándar del Libro 9591011601
040 ## - FUENTE DE LA CATALOGACIÓN
Centro catalogador/agencia de origen DO-SdBNP
Lengua de catalogación SPA
Centro/agencia transcriptor BNPHU
082 ## - NÚMERO DE LA CLASIFICACIÓN DECIMAL DEWEY
Número de clasificación 299.674
Número de documento/Ítem C117m
100 1# - ENTRADA PRINCIPAL--NOMBRE DE PERSONA
Nombre de persona Cabrera, Lydia
Fechas asociadas al nombre 1899-1991
9 (RLIN) 23831
245 13 - MENCIÓN DE TÍTULO
Título El monte /
Mención de responsabilidad, etc. Lydia Cabrera ; edición Georgina Pérez Palmes.
260 ## - PUBLICACIÓN, DISTRIBUCIÓN, ETC.
Lugar de publicación, distribución, etc. La Habana (Cuba) :
Nombre del editor, distribuidor, etc. Letras Cubanas,
Fecha de publicación, distribución, etc. 2006.
300 ## - DESCRIPCIÓN FÍSICA
Extensión 606 p. :
Otras características físicas il. retrs. ;
Dimensiones 21 cm.
500 ## - NOTA GENERAL
Nota general La biblioteca posee la reimpresión del 1996
505 0# - NOTA DE CONTENIDO CON FORMATO
Nota de contenido con formato Abriendo monte -- -
Título Al lector --
-- El monte --
-- Bilongo --
-- Oluwa ewé: el dueño del monte --
-- El tributo al dueño del monte --
-- Cómo se prepara una nganga --
-- Cómo se prepara un zarabanda --
-- La santísima piedra imán --
-- La piedra india --
-- El tesoro mágico y medicinal de Osain y Tata Nfindo --
-- La Ceiba --
-- Ukano Beconsí --
-- La palma real -
-- Ukano Mambre --
-- Índice de plantas --
-- Testimonio fotográfico
650 #4 - PUNTO DE ACCESO ADICIONAL DE MATERIA--TÉRMINO DE MATERIA
Término de materia o nombre geográfico como elemento de entrada Santería
Subdivisión geográfica Cuba
9 (RLIN) 23832
650 #4 - PUNTO DE ACCESO ADICIONAL DE MATERIA--TÉRMINO DE MATERIA
Término de materia o nombre geográfico como elemento de entrada Negros
Subdivisión geográfica Cuba
Subdivisión general Religión
9 (RLIN) 23833
650 #4 - PUNTO DE ACCESO ADICIONAL DE MATERIA--TÉRMINO DE MATERIA
Término de materia o nombre geográfico como elemento de entrada Negros
Subdivisión geográfica Cuba
Subdivisión general Folclor
9 (RLIN) 23834
651 #4 - PUNTO DE ACCESO ADICIONAL DE MATERIA--NOMBRE GEOGRÁFICO
Nombre geográfico Cuba
Subdivisión general Religión
9 (RLIN) 23835
700 12 - PUNTO DE ACCESO ADICIONAL--NOMBRE DE PERSONA
Nombre de persona Pérez Palmés, Georgina
Término indicativo de función/relación ed.
9 (RLIN) 23836
910 ## - DATOS DE OPCIÓN DEL USUARIO (OCLC)
Datos de opción del usuario Validado. Control de calidad MFF
942 ## - ELEMENTOS DE PUNTO DE ACCESO ADICIONAL (KOHA)
Fuente del sistema de clasificación o colocación Dewey Decimal Classification
Tipo de ítem Koha Libro
Existencias
Estado de retiro Estado de pérdida Restricciones de uso No para préstamo Código de colección Localización permanente Ubicación/localización actual Ubicación en estantería Fecha de adquisición Número de inventario Total de préstamos Signatura topográfica completa Código de barras Fecha visto por última vez Precio válido a partir de Tipo de ítem Koha
    Préstamo interno   Patrimonio Dominicano Patrimonio Dominicano Patrimonio Dominicano En catalogación 28.09.2009 LF1   299.674 C117m 9159-10 25.06.2020 25.06.2020 Libro y Folleto Colección Patrimonio Dominicano

Con tecnología Koha